00518nam a2200169Ia 450000500170000000800410001702000150005808200130007310000220008624500230010826000430013130000130017450000410018794200060022895200990023499900150033320250616021835.0240331s9999 xx 000 0 und d a9559052713 bWENa305 aKantha paryeshana 0aWenasaka pathikada aColombobWomen's Research Centrec1995 a425 p ., aBook on Women of Sri Lanka 1986-1995 cL 001040708LaWERCLbWERCLcSSCd2024-03-31l0o 305.409 WENp4145r2024-03-31w2024-03-31yL c1830d1830